000 00570nam a22001937a 4500
003 0
005 20241119150308.0
008 241119b xxu||||| |||| 00| 0 eng d
020 _a9781284280272
050 _aRC 952.5
_b.G47 2024
245 _aGeriatric education for emergency medical services :
_bcourse manual /
250 _a3rd ed.
260 _aBurlington, MA :
_bWorld Headquarters,
_cc2024.
300 _aix, 200 p. :
_bcol. ill. ;
_c28 cm.
650 _aGeriatrics.
650 _aMedical emergencies.
650 _aOlder people
_vDiseases.
942 _2lcc
_cBK
999 _c366775
_d366775